Príjmy a výdavky obce a ich zobrazenie v účtovníctve diplomová práca

Na minha lista:
Detalhes bibliográficos
Autor principal: Lászlóová, Andrea
Autor Corporativo: Fakulta hospodárskej informatiky EU. Katedra účtovníctva a audítorstva
Outros Autores: Kovalčíková, Antónia
Formato: Livro
Idioma:eslovaco
Publicado em: Bratislava 2011
Tags: Adicionar Tag
Sem tags, seja o primeiro a adicionar uma tag!

MARC

LEADER 00000nbm a2200000 4500
001 0140817
005 20161109101952.6
041 0 |a slo 
044 |a SK 
245 1 0 |a Príjmy a výdavky obce a ich zobrazenie v účtovníctve  |b diplomová práca  |c Andrea Lászlóová ; školiteľ: Antónia Kovalčíková 
264 1 |a Bratislava  |c 2011 
300 |a 83 s. 
100 1 |a Lászlóová, Andrea 
700 1 |a Kovalčíková, Antónia 
710 2 |a Fakulta hospodárskej informatiky EU. Katedra účtovníctva a audítorstva